00551nam a22001937a 4500999001900000005001700019020001800036035001300054037000800067082000600075100001500081245002700096260004400123270004000167300002100207700001500228942002000243952009400263 c184856d18485620220125151417.0B a81-86754-55-5 aA-936061 adpl aN aMaung Htin aNGA BAcby Maung Htin aNew DelhibIrrawaddy Publicationsc1999 aC-487 Vikas PuribNew Delhie110018 a151p.b21cm(pbk) aMaung Htin 2ddccENmMAUhN 00104070aBL4bBL4d2022-01-25l0oN MAUpA-936061r2022-01-25 00:00:00w2022-01-25yEN